[Event "Wohlen op 3rd"]
[Site "Wohlen"]
[Date "2022.08.19"]
[Round "1"]
[White "Betsche, Tim"]
[Black "Seletsky, Grigory"]
[Result "0-1"]
[WhiteElo "1595"]
[BlackElo "2278"]
[PlyCount "82"]
[EventDate "2022.08.19"]
[EventType "swiss"]
[EventRounds "5"]
[EventCountry "SUI"]
[SourceTitle "CBM 210 Extra"]
[Source "ChessBase"]
[SourceDate "2022.11.30"]
[SourceVersion "1"]
[SourceVersionDate "2022.11.30"]
[SourceQuality "1"]

1. e4 c5 2. Nc3 e6 3. f4 a6 4. Nf3 Nc6 5. d4 cxd4 6. Nxd4 Qc7 7. Nxc6 Qxc6 8. Be3 b5 9. Qd4 b4 10. Ne2 Bb7 11. 0-0-0 Rc8 12. Rd2 Nf6 13. Ng3 d5 14. exd5 Nxd5 15. Bd3 Nxe3 16. Qxe3 Bc5 17. Qe2 0-0 18. Be4 Qb6 19. Bxb7 Qxb7 20. Ne4 a5 21. Rhd1 Qb6 22. Nxc5 Qxc5 23. Qe5 Qxe5 24. fxe5 Rc5 25. Re2 g5 26. Rd3 Kg7 27. Kd2 Rb8 28. Rf3 Rd8+ 29. Rd3 Rdd5 30. Rxd5 Rxd5+ 31. Ke1 Kg6 32. Kf2 Kf5 33. Kg3 Rxe5 34. Rxe5+ Kxe5 35. Kg4 h6 36. Kh5 Kf5 37. c3 bxc3 38. bxc3 e5 39. c4 e4 40. c5 e3 41. c6 Ke6 0-1